000 00704nam a2200217 4500
003 OSt
005 20240605083222.0
006 a
008 240605b |||||||| |||| 00| 0 eng d
020 _a9780848731335
040 _aDWCL-HMN lib.
_cOC
082 _aCirc. 641.5784 E78 2006
110 _aWilliams-Sonoma, Inc.
245 _aEssentials of grilling : recipes and techniques for successful outdoor cooking /
260 _aU.S.A. : Oxmoor House ; Menlo Park, CA :
_bDistributed by Sunset Books,
_cc2006.
300 _b303 pages : colored illustrations ;
_c25 cm.
504 _aIncludes glossary.
650 _a1. Barbecuing.
710 _aWilliams-Sonoma, Inc.
942 _2ddc
_n0
_cBK-CIRC
_kCirc.
999 _c218
_d218